<?xml version="1.0" encoding="UTF-8"?><?xml-stylesheet type="text/xsl" href="static/style.xsl"?><OAI-PMH xmlns="http://www.openarchives.org/OAI/2.0/" xmlns:xsi="http://www.w3.org/2001/XMLSchema-instance" xsi:schemaLocation="http://www.openarchives.org/OAI/2.0/ http://www.openarchives.org/OAI/2.0/OAI-PMH.xsd"><responseDate>2026-06-01T18:07:52Z</responseDate><request verb="GetRecord" identifier="oai:riuma.uma.es:10630/37408" metadataPrefix="marc">https://riuma.uma.es/rest/oai/request</request><GetRecord><record><header><identifier>oai:riuma.uma.es:10630/37408</identifier><datestamp>2026-02-03T11:43:26Z</datestamp><setSpec>com_10630_2254</setSpec><setSpec>col_10630_37956</setSpec></header><metadata><record xmlns="http://www.loc.gov/MARC21/slim" xmlns:dcterms="http://purl.org/dc/terms/" xmlns:doc="http://www.lyncode.com/xoai" xmlns:xsi="http://www.w3.org/2001/XMLSchema-instance" xsi:schemaLocation="http://www.loc.gov/MARC21/slim http://www.loc.gov/standards/marcxml/schema/MARC21slim.xsd">
   <leader>00925njm 22002777a 4500</leader>
   <datafield ind2=" " ind1=" " tag="042">
      <subfield code="a">dc</subfield>
   </datafield>
   <datafield ind2=" " ind1=" " tag="720">
      <subfield code="a">López-Pagán, Nieves</subfield>
      <subfield code="e">author</subfield>
   </datafield>
   <datafield ind2=" " ind1=" " tag="720">
      <subfield code="a">Rufián, José S.</subfield>
      <subfield code="e">author</subfield>
   </datafield>
   <datafield ind2=" " ind1=" " tag="720">
      <subfield code="a">Ruiz-Albert, Francisco Javier</subfield>
      <subfield code="e">author</subfield>
   </datafield>
   <datafield ind2=" " ind1=" " tag="720">
      <subfield code="a">Beuzón-López, Carmen del Rosario</subfield>
      <subfield code="e">author</subfield>
   </datafield>
   <datafield ind2=" " ind1=" " tag="260">
      <subfield code="c">2024-01-25</subfield>
   </datafield>
   <datafield ind2=" " ind1=" " tag="520">
      <subfield code="a">Epigenetic regulation as a means for bacterial adaptation is receiving increasing interest in the last decade. Significant efforts have been directed towards understanding the mechanisms giving raise to phenotypic heterogeneity within bacterial populations and its adaptive relevance. Phenotypic heterogeneity mostly refers to phenotypic variation not linked to genetic differences nor to environmental stimuli. Recent findings on the relevance of phenotypic heterogeneity on some bacterial complex traits are causing a shift from traditional assays where bacterial phenotypes are defined by averaging population-level data, to single-cell analysis that focus on bacterial individual behavior within the population. Fluorescent labeling is a key asset for single-cell gene expression analysis using flow cytometry, fluorescence microscopy, and/or microfluidics.&#xd;
We previously described the generation of chromosome-located transcriptional gene fusions to fluores-cent reporter genes using the model bacterial plant pathogen Pseudomonas syringae. These fusions allow researchers to follow variation in expression of the gene(s) of interest, without affecting gene function. In this report, we improve the analytic power of the method by combining such transcriptional fusions with constitutively expressed compatible fluorescent reporter genes integrated in a second, neutral locus of the bacterial chromosome. Constitutively expressed fluorescent reporters allow for the detection of all bacteria comprising a heterogeneous population, regardless of the level of expression of the concurrently monitored gene of interest, thus avoiding the traditional use of stains often incompatible with samples from complex contexts such as the leaf.</subfield>
   </datafield>
   <datafield ind1="8" ind2=" " tag="024">
      <subfield code="a">López-Pagán N, Rufián JS, Ruiz-Albert J, Beuzón CR. Dual-Fluorescence Chromosome-Located Labeling System for Accurate In Vivo Single-Cell Gene Expression Analysis in Pseudomonas syringae. Methods Mol Biol. 2024;2751:95-114</subfield>
   </datafield>
   <datafield ind1="8" ind2=" " tag="024">
      <subfield code="a">https://hdl.handle.net/10630/37408</subfield>
   </datafield>
   <datafield ind1="8" ind2=" " tag="024">
      <subfield code="a">10.1007/978-1-0716-3617-6_7</subfield>
   </datafield>
   <datafield tag="653" ind2=" " ind1=" ">
      <subfield code="a">Genética</subfield>
   </datafield>
   <datafield tag="653" ind2=" " ind1=" ">
      <subfield code="a">Mutación (Biología)</subfield>
   </datafield>
   <datafield tag="653" ind2=" " ind1=" ">
      <subfield code="a">Microscopía de fluorescencia</subfield>
   </datafield>
   <datafield tag="653" ind2=" " ind1=" ">
      <subfield code="a">Citometría de flujo</subfield>
   </datafield>
   <datafield ind2="0" ind1="0" tag="245">
      <subfield code="a">Dual-Fluorescence Chromosome-Located Labeling System for Accurate In Vivo Single-Cell Gene Expression Analysis in Pseudomonas syringae.</subfield>
   </datafield>
</record>
</metadata></record></GetRecord></OAI-PMH>